| 000 | 00717nam a2200229 a 4500 | ||
|---|---|---|---|
| 005 | 20221020063614.0 | ||
| 008 | 140905s2009 mx r 000 0 spa d | ||
| 020 | _a9788478277117 (Graó) | ||
| 020 | _a9789688679449 (Colofón) | ||
| 035 | _aUPN01000199368 | ||
| 049 | _aCG | ||
| 050 | 4 |
_aLB1027.23 _bD5.3 |
|
| 245 | 0 | 0 |
_a10 ideas clave : _bel aprendizaje creativo / _cPep Alsina ... [et al.]. |
| 260 |
_aMéxico : _bColofón ; _aBarcelona, Esp. : _bGraó, _c2009. |
||
| 300 | _a211 p. | ||
| 440 | 0 |
_aIdeas clave ; _v11. _pDidáctica/Diseño y desarrollo curricular |
|
| 650 | 4 |
_aAprendizaje activo _91351 |
|
| 650 | 2 |
_aCreatividad _95008 |
|
| 700 | 1 |
_aAlsina, Pep, _ecoaut. |
|
| 905 | _aLibro | ||
| 999 |
_c171469 _d171469 |
||